Decorations-malereien, (Record no. 15085)

MARC details
000 -LEADER
fixed length control field 00915cam a22002771 4500
001 - CONTROL NUMBER
control field ca 17001454
003 - CONTROL NUMBER IDENTIFIER
control field DLC
005 - DATE AND TIME OF LATEST TRANSACTION
control field 20260227111103.0
008 - FIXED-LENGTH DATA ELEMENTS--GENERAL INFORMATION
fixed length control field 790124m1888 gw a 000 0 ger
010 ## - LIBRARY OF CONGRESS CONTROL NUMBER
LC control number ca 17001454
035 ## - SYSTEM CONTROL NUMBER
System control number (OCoLC)4580289
040 ## - CATALOGING SOURCE
Original cataloging agency DLC
Transcribing agency DSI
Modifying agency DLC
042 ## - AUTHENTICATION CODE
Authentication code premarc
050 00 - LIBRARY OF CONGRESS CALL NUMBER
Classification number NK2180
Item number .F4
100 1# - MAIN ENTRY--PERSONAL NAME
Personal name Feldner, Reinhold.
245 10 - TITLE STATEMENT
Title Decorations-malereien,
Statement of responsibility, etc. von Reinhold Feldner.
260 ## - PUBLICATION, DISTRIBUTION, ETC.
Place of publication, distribution, etc. [Berlin,
Name of publisher, distributor, etc. Claesen & co.,
Date of publication, distribution, etc. 1888-89]
300 ## - PHYSICAL DESCRIPTION
Extent 30 col. pl. (5 double)
Dimensions 51 cm.
500 ## - GENERAL NOTE
General note Issued in 5 parts.
500 ## - GENERAL NOTE
General note In portfolio.
500 ## - GENERAL NOTE
General note No t.-p.; title at head of each plate.
500 ## - GENERAL NOTE
General note Title in Kayser's Bücher-lexikon: Moderne decorationsmalerien; farbige entwürfe für decken, wände, friesen, zwickelfelder, etc.
650 #0 - SUBJECT ADDED ENTRY--TOPICAL TERM
Topical term or geographic name entry element Mural painting and decoration.
650 #0 - SUBJECT ADDED ENTRY--TOPICAL TERM
Topical term or geographic name entry element Decoration and ornament.
740 0# - ADDED ENTRY--UNCONTROLLED RELATED/ANALYTICAL TITLE
Uncontrolled related/analytical title Moderne decorationsmalerei.

No items available.

Powered by Koha